[Event "Osijek op 10th"]
[Site "Osijek"]
[Date "2017.02.25"]
[Round "5"]
[White "Stojkovic, Goran"]
[Black "Trepsic, Zvonimir"]
[Result "0-1"]
[WhiteElo "1418"]
[BlackElo "1657"]
[PlyCount "100"]
[EventDate "2017.02.23"]
[EventType "swiss"]
[EventRounds "7"]
[EventCountry "CRO"]
[SourceTitle "EXT 2019"]
[Source "ChessBase"]
[SourceDate "2018.10.10"]
[SourceVersion "1"]
[SourceVersionDate "2018.10.10"]
[SourceQuality "1"]

1. d4 Nf6 2. c4 e6 3. Nf3 d5 4. e3 Be7 5. Bd3 dxc4 6. Bxc4 0-0 7. 0-0 c6 8. Nc3 b5 9. Bd3 Bb7 10. a3 Nbd7 11. Qe2 c5 12. dxc5 Nxc5 13. Bc2 Qc7 14. h3 Rfd8 15. Rd1 Rxd1+ 16. Qxd1 Rd8 17. Qe2 h6 18. b4 Nce4 19. Nxe4 Nxe4 20. Bb2 Nc3 21. Bxc3 Qxc3 22. Rd1 Rxd1+ 23. Qxd1 Bxf3 24. gxf3 Qxa3 25. Qd2 Qxb4 26. Qd3 g6 27. f4 Qe1+ 28. Kg2 Bh4 29. Qf1 Qxf1+ 30. Kxf1 a5 31. Ke2 Bf6 32. Bd3 b4 33. Bc2 Kf8 34. Kd3 Bc3 35. Ba4 Ke7 36. Kc4 Kf6 37. Kd3 g5 38. Ke4 Be1 39. f3 Kg6 40. fxg5 Kxg5 41. Ke5 Bc3+ 42. Ke4 Kh4 43. f4 Kxh3 44. Bd1 Kg3 45. f5 exf5+ 46. Kxf5 Kf2 47. e4 Ke1 48. Ba4 Kd2 49. e5 Bxe5 50. Kxe5 Kc3 0-1